| 000 | 01188nam a2200373 i 4500 | ||
|---|---|---|---|
| 001 | 13886 | ||
| 003 | KOSZ 005 | ||
| 005 | 20200421151328.0 | ||
| 008 | 990610s1971 pl f d |000 0 pol | ||
| 015 | _aPB 1971/6656 | ||
| 035 | _a(OCoLC)749416884 | ||
| 040 |
_aWA N _cWA N _dKOSZ 005/EG |
||
| 041 | 0 |
_apol _aslo |
|
| 044 |
_axo _apl |
||
| 080 | _a62 | ||
| 080 | _a811.162.1 | ||
| 080 | _a811.162.4 | ||
| 080 | _a(038) | ||
| 650 | 4 | _aTechnika | |
| 655 | 4 | _aSłownik terminologiczny | |
| 700 | 1 |
_aŠaling, Samo _d(1923- ) _eRedakcja |
|
| 999 |
_c13886 _d13886 |
||
| 999 |
_bzlre _bzlwk |
||
| 245 | 0 | 0 |
_aPol'sko-slovenský technický slovnik / _c[aut. Jaroslav Bína et al.] ; red. S. Šaling. |
| 246 | 1 | 5 | _aSłownik techniczny polsko-słowacki. |
| 260 |
_aBratislava : _b"Alfa" ; _aWarszawa : _bWydawnictwa Naukowo-Techniczne, _cdr. 1971. |
||
| 300 |
_a559, [1] s. ; _c23 cm. |
||
| 380 | _aKsiążki. | ||
| 388 | _a1945-1989 | ||
| 655 | 4 | _aSłowniki polsko-słowackie. | |
| 658 | _aJęzykoznawstwo | ||
| 700 | 1 |
_aBína, Jaroslav _eAutor |
|
| 856 |
_uhttp://koha.tu.koszalin.pl/cgi-bin/koha/opac-detail.pl?biblionumber=13886 _yKatalog online BPK |
||
| 942 |
_2UKD _cKS |
||